000 00309nam a22001337a 4500
008 171027b xxu||||| |||| 00| 0 eng d
020 _a9780073046679
041 _aeng
080 _25TH
_a336
100 _a55
101 _aMEN
245 _aFINANCIAL INSTITUTIONS MANAGEMENT
_cSAUNDERS,A
942 _2udc
_cBK
999 _c36069
_d36069